[Event "N4 Reims  E.aubois "]
[Site "?"]
[Date "2016.01.31"]
[Round "5"]
[White "Hascher, Nicolas"]
[Black "Jouniaux, Quentin"]
[Result "0-1"]
[WhiteElo "1978"]
[BlackElo "1860"]
[PlyCount "78"]
[EventDate "2013.01.13"]
[SourceDate "2016.01.31"]

1. d4 d5 2. Nf3 Nf6 3. c4 c6 4. Nc3 e6 5. Bg5 Nbd7 6. Qc2 Be7 7. e3 dxc4 8.
Bxc4 b5 9. Be2 Bb7 10. O-O Rc8 11. Bxf6 Nxf6 12. Ne5 O-O 13. Bf3 Nd5 14. Ne4
Nb4 15. Qb3 Nd5 16. Nd3 Ba8 17. Nec5 Bd6 18. Rfd1 g5 19. g3 Qf6 20. Bg2 Qg6 21.
Ne5 Bxe5 22. dxe5 h5 23. Rd4 f5 24. exf6 Qxf6 25. Rf1 Rc7 26. Qd1 Qg6 27. Bf3
e5 28. Bxh5 Qh6 29. Re4 Rh7 30. g4 Qd6 31. Qc2 Nf6 32. Rd1 Qe7 33. Bg6 Rh4 34.
Rb4 a5 35. Rb3 Rxg4+ 36. Kf1 Rc4 37. Qf5 Rxc5 38. e4 Rc2 39. Rf3 g4 0-1

[Event "N4 Reims  E.aubois "]
[Site "?"]
[Date "2016.01.31"]
[Round "5"]
[White "Brun, Franck"]
[Black "Amoros, Pierre"]
[Result "1/2-1/2"]
[WhiteElo "1831"]
[BlackElo "1672"]
[PlyCount "114"]
[EventDate "2013.01.13"]
[SourceDate "2016.01.31"]

1. e4 d5 2. exd5 Qxd5 3. Nc3 Qa5 4. d4 c6 5. Nf3 Bg4 6. Bd2 Qc7 7. Qe2 e6 8. h3
Bxf3 9. Qxf3 Nf6 10. O-O-O Nbd7 11. g4 h6 12. Kb1 Nb6 13. Qe2 O-O-O 14. Be3 Be7
15. f4 Nfd5 16. Nxd5 Nxd5 17. Qf2 Nxe3 18. Qxe3 Bd6 19. f5 exf5 20. gxf5 Bf4
21. Qa3 Kb8 22. Bg2 Rhe8 23. Rd3 Re2 24. Bf3 Rd2 25. Rxd2 Bxd2 26. Qd3 Qf4 27.
c3 Qe3 28. Kc2 Qxd3+ 29. Kxd3 Bg5 30. Bh5 Rd7 31. Re1 Kc7 32. b3 Kd6 33. c4 c5
34. Re5 cxd4 35. Rd5+ Kc6 36. Rxd7 Kxd7 37. Kxd4 Kc6 38. Bxf7 Bd8 39. a3 Bb6+
40. Ke4 a5 41. Bd5+ Kc5 42. Bf7 Bd8 43. Bd5 b6 44. Bf7 Bf6 45. Kd3 Bb2 46. a4
Bf6 47. Kc2 Kb4 48. Bg6 Be5 49. Be8 Bc7 50. Bb5 Be5 51. Kd3 Kc5 52. Ke4 Bf6 53.
Kf3 Kb4 54. Kg4 Kxb3 55. Kh5 Kb4 56. h4 Kc5 57. Kg6 Ba1 1/2-1/2

[Event "N4 Reims  E.aubois "]
[Site "?"]
[Date "2016.01.31"]
[Round "5"]
[White "Nawara"]
[Black "Guillaume, jean-Francois"]
[Result "1-0"]
[WhiteElo "1693"]
[BlackElo "1816"]
[PlyCount "57"]
[EventDate "2013.01.13"]
[SourceDate "2016.01.31"]

1. d4 Nc6 2. d5 Ne5 3. Bf4 Ng6 4. Bg3 e5 5. Nf3 d6 6. Nc3 f5 7. h4 h5 8. e3 a6
9. Be2 Nf6 10. Ng5 Qe7 11. Qd2 Bd7 12. f3 Nh7 13. f4 Nf6 14. O-O-O O-O-O 15.
Nb1 Ne4 16. Nxe4 fxe4 17. Qa5 Bg4 18. Bxa6 Bxd1 19. Bxb7+ Kxb7 20. Qb5+ Ka7 21.
Rxd1 Rb8 22. Qa4+ Kb7 23. Qxe4 Qf6 24. Nc3 Kc8 25. Qa4 Be7 26. Nb5 Rxb5 27.
Qxb5 Nxh4 28. Qa6+ Kb8 29. Rd3 1-0

[Event "N4 Reims  E.aubois "]
[Site "?"]
[Date "2016.01.31"]
[Round "5"]
[White "Vallat, Aurelien"]
[Black "Roussel, Julien"]
[Result "0-1"]
[WhiteElo "1552"]
[BlackElo "1809"]
[PlyCount "119"]
[EventDate "2013.01.13"]
[SourceDate "2016.01.31"]

1. e4 d6 2. d4 Nf6 3. Nc3 c6 4. Nf3 g6 5. Be3 Bg7 6. h3 b5 7. Bd3 a6 8. Qd2 Bb7
9. Bh6 O-O 10. Bxg7 Kxg7 11. h4 h5 12. Ng5 Qb6 13. Ne2 c5 14. c3 Nc6 15. Bc2 b4
16. O-O cxd4 17. cxd4 a5 18. Kh1 e5 19. d5 Ne7 20. f3 Rac8 21. Ba4 Rc7 22. Rac1
Rfc8 23. Rxc7 Rxc7 24. Rc1 Rxc1+ 25. Nxc1 Qc7 26. Bb5 Nc8 27. Be2 Nb6 28. Nb3
Nbd7 29. Qd3 Nc5 30. Nxc5 Qxc5 31. Qc4 Qxc4 32. Bxc4 Nh7 33. Nh3 Nf6 34. Ng1
Ng8 35. Ne2 Ne7 36. Nc1 f5 37. Nb3 Kf6 38. Nxa5 Ba8 39. Kg1 g5 40. g3 gxh4 41.
gxh4 Ng6 42. Bb5 Ke7 43. Bc6 Bxc6 44. dxc6 Nxh4 45. Kf2 Ng6 46. a4 bxa3 47.
bxa3 Nf4 48. Nb7 Nd3+ 49. Kg3 Nc5 50. Nxc5 dxc5 51. a4 Kd6 52. a5 Kxc6 53. Kh4
c4 54. Kxh5 c3 55. a6 c2 56. a7 Kb7 57. Kg6 c1=Q 58. Kxf5 Kxa7 59. Kxe5 Qb2+
60. Kf5 0-1

[Event "N4 Reims  E.aubois "]
[Site "?"]
[Date "2016.01.31"]
[Round "5"]
[White "Massart, Jeremie"]
[Black "Gallant, Aurelien"]
[Result "1/2-1/2"]
[WhiteElo "1972"]
[BlackElo "2110"]
[PlyCount "141"]
[EventDate "2013.01.13"]
[SourceDate "2016.01.31"]

1. e4 c5 2. c3 Nf6 3. e5 Nd5 4. Nf3 d6 5. d4 Nc6 6. Bc4 e6 7. O-O Be7 8. Qe2
O-O 9. Rd1 cxd4 10. cxd4 Na5 11. Bd3 Nb4 12. exd6 Qxd6 13. Be4 f5 14. Bd3 Nxd3
15. Qxd3 Nc6 16. Nc3 Nb4 17. Qe2 Bd7 18. Ne5 Bf6 19. Bf4 Nd5 20. Bg3 Rfc8 21.
Nc4 Qa6 22. Ne5 Qxe2 23. Nxe2 Bb5 24. Nf4 Nxf4 25. Bxf4 g5 26. Bd2 Rd8 27. Bc3
Rd5 28. Rd2 Rad8 29. Re1 b6 30. g3 Be8 31. Kg2 a5 32. a3 Kg7 33. Kg1 Bb5 34.
Kg2 Ba6 35. Nc6 R8d6 36. Ne5 Bb7 37. Kg1 b5 38. Rde2 Bd8 39. Nd3 Bc8 40. Nc5
Kf7 41. Nd3 Bb6 42. Nc5 b4 43. axb4 axb4 44. Bxb4 Rxd4 45. Ba3 Ba5 46. Nb3 Bxe1
47. Nxd4 Bxf2+ 48. Kxf2 Rxd4 49. Rc2 Ba6 50. Bc5 Re4 51. Bd6 Bc4 52. b4 Ke8 53.
Rd2 e5 54. Bc7 h5 55. Bd8 g4 56. Bg5 f4 57. Rb2 Bb5 58. Bh6 Kf7 59. Bg5 Ke6 60.
Bh6 Kf5 61. Bf8 Re3 62. gxf4 Rf3+ 63. Kg2 h4 64. Rf2 h3+ 65. Kg1 Rd3 66. fxe5+
Kxe5 67. Bg7+ Ke4 68. Re2+ Kf4 69. Bh6+ Kf5 70. Rd2 Rf3 71. Rf2 1/2-1/2

[Event "N4 Reims  E.aubois "]
[Site "?"]
[Date "2016.01.31"]
[Round "5"]
[White "Roussel, Jean-marc"]
[Black "Iskandaryan, Areg"]
[Result "1/2-1/2"]
[WhiteElo "1702"]
[BlackElo "1334"]
[PlyCount "139"]
[EventDate "2013.01.13"]
[SourceDate "2016.01.31"]

1. d4 d5 2. Nf3 Bf5 3. Bf4 e6 4. e3 c5 5. c3 Qb6 6. Qb3 Nd7 7. Bb5 Ngf6 8. Ne5
c4 9. Bxd7+ Nxd7 10. Qxb6 Nxb6 11. g4 f6 12. gxf5 fxe5 13. Bxe5 exf5 14. Rg1
Rg8 15. Na3 g6 16. Nb5 Kd7 17. Na3 Bxa3 18. bxa3 Na4 19. Kd2 Ke6 20. Rab1 b6
21. Rb4 Nc5 22. dxc5 bxc5 23. Rb5 Kxe5 24. Rxc5 Rg7 25. Rb1 Rd8 26. Rb4 Re7 27.
Rcb5 Rdd7 28. a4 f4 29. a5 fxe3+ 30. fxe3 a6 31. Rb6 Ra7 32. Rc6 Re6 33. Rxe6+
Kxe6 34. Rb6+ Ke5 35. Ke2 g5 36. h3 Kf5 37. Kf3 h5 38. Rd6 g4+ 39. hxg4+ hxg4+
40. Kg3 Rh7 41. Rxd5+ Ke6 42. Rd4 Rh3+ 43. Kxg4 Rxe3 44. Rxc4 Kd5 45. Rc8 Re4+
46. Kf3 Rc4 47. Rd8+ Kc5 48. Rc8+ Kb5 49. Rb8+ Kxa5 50. Rb3 Ka4 51. Ke3 Rc5 52.
Kd4 Rh5 53. Rb4+ Ka3 54. Rb6 a5 55. c4 Rh4+ 56. Kd5 Rh5+ 57. Kc6 Kxa2 58. c5
Ka3 59. Rb1 a4 60. Kb6 Rh3 61. Rb5 Ka2 62. c6 a3 63. c7 Rh8 64. Kb7 Rh7 65. Kb8
Rxc7 66. Kxc7 Ka1 67. Kc6 a2 68. Rg5 Kb2 69. Rg2+ Kb3 70. Rxa2 1/2-1/2

[Event "N4 Blagny / Rethel"]
[Site "?"]
[Date "2016.01.31"]
[Round "?"]
[White "Fourcart, Marc"]
[Black "Gerardin, David"]
[Result "1-0"]
[WhiteElo "1700"]
[BlackElo "1696"]
[PlyCount "102"]
[EventDate "2016.01.31"]
[SourceDate "2016.01.31"]

1. d4 Nf6 2. Bg5 d6 3. Bxf6 gxf6 4. e3 Bf5 5. Nc3 d5 6. Nf3 e6 7. Nh4 Bg6 8.
Ne2 Bd6 9. Nxg6 fxg6 10. f4 c5 11. g3 Nc6 12. Bh3 Kf7 13. c3 Ne7 14. O-O Qb6
15. Qc2 Nf5 16. Bxf5 gxf5 17. Rae1 Rag8 18. Rf2 Qc6 19. dxc5 Qxc5 20. Nd4 Rc8
21. Rd1 b5 22. Re2 h5 23. Nxf5 exf5 24. Qxf5 Be7 25. Rxd5 Qc4 26. Kf2 b4 27.
Rd4 (27. cxb4 Qxa2 28. Ra5 Qe6 29. Qxe6+ Kxe6 30. Ra6+) 27... Qxa2 28. cxb4 (
28. e4 Bc5) 28... Rc1 29. e4 (29. Red2) 29... Qb1 30. Qd5+ Kg7 31. Qe6 Rf1+ 32.
Ke3 (32. Kg2 Rg1+ 33. Kh3 (33. Kf3 Qf1+ 34. Rf2)) 32... Qc1+ 33. Rdd2 Bxb4 34.
Qd7+ Kh6 35. e5 Bxd2+ 36. Qxd2 Qxd2+ 37. Kxd2 fxe5 38. fxe5 Re8 39. Kd3 Kg6 40.
Re4 Rf2 41. b4 Re6 42. Kd4 Rd2+ 43. Kc5 Rd7 44. h3 Kf5 45. Rh4 Rxe5+ 46. Kc6
Rh7 47. b5 Re4 48. g4+ Kg5 49. Rxh5+ Rxh5 50. gxh5 Kxh5 51. Kb7 Re7+ 1-0

[Event "N4 Rethel - Blagny"]
[Site "?"]
[Date "2016.01.31"]
[Round "5.7"]
[White "Desse, Mickael"]
[Black "Lambert, Alban"]
[Result "0-1"]
[WhiteElo "1580"]
[BlackElo "1627"]
[PlyCount "96"]
[EventDate "2016.01.31"]
[SourceDate "2016.01.31"]

1. e4 d5 2. exd5 Qxd5 3. Nc3 Qd8 4. d4 g6 5. Nf3 Bg7 6. Bb5+ Bd7 7. Bxd7+ Nxd7
8. O-O Ngf6 9. Bf4 O-O 10. Qd2 c6 11. Bh6 Nd5 12. Nxd5 cxd5 13. Bxg7 Kxg7 14.
Ne5 Qc7 15. Nxd7 Qxd7 16. Rfe1 e6 17. Rac1 b5 18. b3 Rfd8 19. Red1 Rab8 20. c4
dxc4 21. bxc4 bxc4 22. Rxc4 Rbc8 23. Rdc1 Rxc4 24. Rxc4 e5 25. d5 Qxd5 26. Qxd5
Rxd5 27. Kf1 a5 28. Ke2 f5 29. Rc7+ Kh6 30. f3 Rb5 31. Rc2 Kg5 32. Ke3 h5 33.
g3 a4 34. h4+ Kh6 35. Rc4 Ra5 36. g4 hxg4 37. fxg4 a3 38. gxf5 gxf5 39. Kf3 Kh5
40. Ke3 f4+ 41. Kf3 Kxh4 42. Rc8 Kg5 43. Ke4 Ra4+ 44. Kxe5 f3 45. Rf8 Kg4 46.
Rg8+ Kh3 47. Kf5 f2 48. Rh8+ Rh4 0-1

[Event "N4 Rethel - Blagny"]
[Site "?"]
[Date "2016.01.31"]
[Round "5.4"]
[White "Biniaux, Mickael"]
[Black "Evrard, Jean Luc"]
[Result "1-0"]
[WhiteElo "1733"]
[BlackElo "1655"]
[PlyCount "85"]
[EventDate "2016.01.31"]
[SourceDate "2016.01.31"]

1. d4 d5 2. e3 Nc6 3. c4 Nf6 4. Nc3 e6 5. Qb3 Bb4 6. a3 Bxc3+ 7. bxc3 O-O 8.
Nf3 Na5 9. Qa2 dxc4 10. Bxc4 Nxc4 11. Qxc4 c6 12. O-O Qd5 13. Qd3 Qe4 14. Qe2
h6 15. Ne1 Nd5 16. Bb2 Nf4 17. Qg4 e5 18. Qf3 Qxf3 19. gxf3 Ng6 20. Kh1 Re8 21.
Rg1 exd4 22. cxd4 Nf8 23. Rg3 g6 24. Nd3 Nd7 25. Rag1 Kh7 26. f4 Nf6 27. Ne5
Ne4 28. Nxf7 Nxg3+ 29. Rxg3 Re7 30. Ne5 Bf5 31. f3 Rg8 32. e4 Be6 33. h4 Ree8
34. Nd3 Rgf8 35. h5 Bc4 36. hxg6+ Kg8 37. Ne5 Be2 38. f5 Re7 39. Rh3 h5 40. Kg2
Kg7 41. Rxh5 Rh8 42. Rxh8 Kxh8 43. f6 1-0

[Event "N4 Rethel - Blagny"]
[Site "?"]
[Date "2016.01.31"]
[Round "5.8"]
[White "Loest, Alain"]
[Black "Van Malderen, Siegfried"]
[Result "1-0"]
[WhiteElo "1618"]
[BlackElo "1440"]
[PlyCount "75"]
[EventDate "2016.01.31"]
[SourceDate "2016.01.31"]

1. e4 c5 2. Nf3 Nc6 3. Bb5 g6 4. Bxc6 bxc6 5. O-O Bg7 6. c3 e5 7. d3 d6 8. h3
Nf6 9. Be3 O-O 10. Qd2 Be6 11. Ng5 Qe7 12. Qe2 Nd7 13. Nd2 f6 14. Nxe6 Qxe6 15.
f4 Qe7 16. f5 g5 17. Qf3 Nb6 18. a4 a5 19. Rfc1 Qf7 20. b4 Nd7 21. bxa5 Rfb8
22. Nc4 Bf8 23. Rcb1 Be7 24. Nb6 Nxb6 25. axb6 Ra5 26. c4 Bd8 27. Bd2 Ra6 28.
a5 Kg7 29. h4 h6 30. Kf2 Rb7 31. Rh1 Kh7 32. hxg5 fxg5 33. Rh5 Qg7 34. Rah1 Rb8
35. Qg4 Rb7 36. Bxg5 Kg8 37. Rxh6 Bxg5 38. Rg6 1-0

[Event "N4 Rethel - Blagny"]
[Site "?"]
[Date "2016.01.31"]
[Round "5.2"]
[White "Noizet, Donatien"]
[Black "Hanot, Wilfried"]
[Result "1/2-1/2"]
[WhiteElo "1956"]
[BlackElo "1792"]
[PlyCount "37"]
[EventDate "2016.01.31"]
[SourceDate "2016.01.31"]

1. e4 c6 2. Nf3 d5 3. exd5 cxd5 4. d4 Nf6 5. Bf4 Bf5 6. Bb5+ Nbd7 7. O-O a6 8.
Bxd7+ Bxd7 9. c3 Qb6 10. Qc2 e6 11. Nbd2 Rc8 12. Rfe1 Be7 13. Nb3 Ba4 14. Rac1
O-O 15. Nfd2 Bd6 16. Bxd6 Qxd6 17. Qd3 Bb5 18. Qg3 Qxg3 19. hxg3 1/2-1/2

[Event "N4 Rethel - Blagny"]
[Site "?"]
[Date "2016.01.31"]
[Round "5.1"]
[White "Fourcart, Maxence"]
[Black "Sohier, Renaud"]
[Result "1-0"]
[WhiteElo "2092"]
[BlackElo "2026"]
[PlyCount "103"]
[EventDate "2016.01.31"]
[SourceDate "2016.01.31"]

1. c4 Nf6 2. g3 c6 3. Bg2 d5 4. Nf3 Nbd7 5. O-O e5 6. cxd5 cxd5 7. d3 Bd6 8.
Nc3 O-O 9. Bd2 a6 10. Rc1 d4 11. Nb1 Nb6 12. Ba5 Be6 13. Nbd2 Nfd7 14. Nc4 Bc7
15. Bxb6 Bxb6 16. Nfxe5 Nxe5 17. Nxe5 Qe7 18. Nc4 Bc7 19. Rc2 Rab8 20. Qb1 h5
21. b4 h4 22. b5 h3 23. Bf3 axb5 24. Qxb5 Bd7 25. Qh5 g6 26. Qh6 b5 27. Nd2 Be5
28. Ne4 Bg7 29. Qd2 f5 30. Nc5 Be8 31. Rfc1 Kh7 32. Qa5 f4 33. Ne4 fxg3 34.
fxg3 Be5 35. Rc7 Bxc7 36. Rxc7 Bd7 37. Qa7 Rbd8 38. Bg4 Rf7 39. Bxd7 Qb4 40.
Rc1 Kg7 41. a3 Qb2 42. Qc5 Rdxd7 43. Qe5+ Kh6 44. Qh8+ Rh7 45. Qf8+ Rhg7 46.
Qf4+ g5 47. Rc6+ Kh7 48. Nf6+ Kh6 49. Nxd7+ Rg6 50. Qf8+ Kh5 51. g4+ Kh4 52.
Rxg6 1-0

[Event "N4 Rethel - Blagny"]
[Site "?"]
[Date "2016.01.31"]
[Round "5.6"]
[White "Noizet, Régis"]
[Black "Beaudiot, Alain"]
[Result "1/2-1/2"]
[WhiteElo "1628"]
[BlackElo "1569"]
[PlyCount "103"]
[EventDate "2016.01.31"]
[SourceDate "2016.01.31"]

1. d4 d5 2. c4 e5 3. e3 exd4 4. exd4 dxc4 5. Bxc4 c6 6. Ne2 Bd6 7. O-O Nf6 8.
Nbc3 O-O 9. Bg5 Be7 10. Bf4 Bf5 11. Ng3 Bg6 12. Re1 Re8 13. d5 b5 14. Bb3 b4
15. d6 bxc3 16. dxe7 Qxd1 17. Raxd1 cxb2 18. Rb1 Bxb1 19. Rxb1 Rxe7 20. Rxb2
Re1+ 21. Nf1 Nbd7 22. g3 Nc5 23. Bc4 Nd5 24. Bd2 Re4 25. Rc2 Nb6 26. Bxf7+ Kxf7
27. Rxc5 Rc8 28. Ne3 Nd7 29. Ra5 Ra8 30. Nf5 Re6 31. Be3 c5 32. Bxc5 Nxc5 33.
Rxc5 Kf6 34. Ne3 Ra6 35. Rc2 Rb8 36. Kg2 Rb1 37. h4 Ra1 38. Nd5+ Kg6 39. Nb4
Rb6 40. Nd5 Rd6 41. Nf4+ Kf6 42. Re2 g6 43. Rc2 Rad1 44. Rc7 Rd7 45. Rc6+ R1d6
46. Rc5 Rd4 47. Ra5 h6 48. Ra6+ R4d6 49. Ra5 g5 50. hxg5+ hxg5 51. Nh3 Rd5 52.
Ra6+ 1/2-1/2

[Event "N4 Rethel / Blagny"]
[Site "?"]
[Date "2016.02.01"]
[Round "5.5"]
[White "Chebridon, Jean Louis"]
[Black "Monceau, Etienne"]
[Result "1/2-1/2"]
[WhiteElo "1620"]
[BlackElo "1707"]
[PlyCount "107"]
[EventDate "2016.01.31"]
[SourceDate "2016.02.01"]

1. e4 e6 2. d4 d5 3. Nc3 Bb4 4. e5 c5 5. Nf3 Nc6 6. Bb5 Qb6 7. Bxc6+ bxc6 8.
O-O cxd4 9. Nxd4 Ne7 10. Na4 Qc7 11. c3 Ba5 12. Nf3 O-O 13. Qd4 Bb6 14. Nxb6
axb6 15. Qg4 Ng6 16. Re1 f6 17. Qg3 Bd7 18. h4 Rf7 19. h5 Nf8 20. Bf4 f5 21.
Qh4 Qd8 22. Bg5 Qe8 23. Qg3 c5 24. Bf6 Kh8 25. Bh4 Bc6 26. h6 g6 27. Bf6+ Kg8
28. Ng5 Rfa7 29. a3 b5 30. Qe3 Nd7 31. Rad1 Ra4 32. f4 R4a7 33. Qh3 Nf8 34. g4
fxg4 35. Qxg4 Ra4 36. Bg7 Bd7 37. Bf6 b4 38. axb4 cxb4 39. Rd4 bxc3 40. bxc3
Rd8 41. Rxa4 Bxa4 42. Qf3 Bc2 43. Ra1 Ra8 44. Qf1 Nd7 45. Rxa8 Qxa8 46. Nxe6
Qc6 47. Nd4 Qxc3 48. Nxc2 Nxf6 49. exf6 Qxc2 50. Qe1 Qe4 51. Qxe4 dxe4 52. Kf2
Kf7 53. Ke3 Kxf6 54. Kxe4 1/2-1/2

[Event "La Francheville/La Tour du Roi"]
[Site "?"]
[Date "2016.01.31"]
[Round "5"]
[White "Carré, Cédric"]
[Black "Halfaoui, Eddine"]
[Result "1-0"]
[WhiteElo "2076"]
[BlackElo "2006"]
[PlyCount "59"]
[EventDate "2016.01.31"]
[SourceDate "2016.02.03"]

1. e4 e6 2. d4 d5 3. e5 c5 4. Nf3 Nc6 5. Bd3 cxd4 6. O-O Bd7 7. a3 Be7 8. Re1
Qc7 9. b4 O-O-O 10. c3 Kb8 11. cxd4 h5 12. Nbd2 Nh6 13. Nb3 Rdg8 14. Bd2 a6 15.
Qe2 Qb6 16. Reb1 Na7 17. a4 g5 18. Nc5 Bc8 19. b5 a5 20. Qe1 Bd8 21. Nb3 g4 22.
Bxa5 gxf3 23. g3 Qxa5 24. Nxa5 h4 25. b6 Nc6 26. Nxc6+ bxc6 27. Qa5 Bb7 28.
Qa7+ Kc8 29. Ba6 Bxa6 30. b7+ 1-0

[Event "La Francheville/La Tour du Roi"]
[Site "?"]
[Date "2016.01.31"]
[Round "5"]
[White "Szylar, Eric"]
[Black "Belloy, Nicolas"]
[Result "1/2-1/2"]
[WhiteElo "2006"]
[BlackElo "1959"]
[PlyCount "112"]
[EventDate "2016.01.31"]
[SourceDate "2016.02.03"]

1. e4 c5 2. Nf3 e6 3. d4 cxd4 4. Nxd4 a6 5. Bd3 b5 6. O-O Qb6 7. Nb3 Qc7 8. a4
b4 9. a5 d6 10. Be3 Nd7 11. N1d2 Ngf6 12. f4 Bb7 13. g4 d5 14. e5 Ne4 15. f5
Bc5 16. Nxc5 Nexc5 17. fxe6 Nxe6 18. Nf3 O-O 19. Bd4 g6 20. c3 bxc3 21. bxc3
Ndc5 22. Bc2 Ne4 23. Ra3 Rac8 24. Bb1 Bc6 25. Nd2 Bb5 26. Nxe4 dxe4 27. Re1 Ng5
28. Bxe4 Bc6 29. Bxc6 Qxc6 30. Re3 Rfd8 31. Ra1 Rb8 32. Qe2 Ne6 33. Bb6 Nf4 34.
Qf2 Nd5 35. Bxd8 Nxe3 36. Qxe3 Rb2 37. Qg3 Qc5+ 38. Kh1 Qd5+ 39. Kg1 Qxd8 40.
Re1 Qxa5 41. Qf3 Qb6+ 42. Kh1 Qe6 43. Kg1 Qa2 44. Rd1 Rd2 45. Rxd2 Qxd2 46.
Qa8+ Kg7 47. Qxa6 Qd1+ 48. Kf2 Qd2+ 49. Qe2 Qxc3 50. Qe3 Qc2+ 51. Kg3 Qc6 52.
h4 Qe6 53. h5 h6 54. hxg6 Qxg6 55. Qf4 Qe6 56. Kh4 f6 1/2-1/2

[Event "La Francheville/La Tour du Roi"]
[Site "?"]
[Date "2016.01.31"]
[Round "5"]
[White "Krauss, Jean-Luc"]
[Black "Leclère, Jean-Yves"]
[Result "1/2-1/2"]
[WhiteElo "1853"]
[BlackElo "1728"]
[PlyCount "147"]
[EventDate "2016.01.31"]
[SourceDate "2016.02.03"]

1. e4 c5 2. Nf3 d6 3. Bb5+ Nc6 4. d4 cxd4 5. Nxd4 Bd7 6. Nc3 Nf6 7. Bg5 e6 8.
Qd2 Be7 9. O-O-O O-O 10. f3 a6 11. Be2 Ne8 12. Bxe7 Qxe7 13. h4 b5 14. Nxc6
Bxc6 15. Qd4 Qb7 16. Rd2 b4 17. Nd1 Rd8 18. c4 Nc7 19. Qe3 e5 20. h5 f5 21. Nf2
f4 22. Qb3 Kh8 23. Qd1 Ne8 24. Ng4 Rc8 25. Kb1 a5 26. Qg1 Qc7 27. g3 Bd7 28.
Rh4 Be6 29. b3 a4 30. Qh2 fxg3 31. Qxg3 axb3 32. axb3 Ra8 33. Ra2 Rxa2 34. Kxa2
Qa5+ 35. Kb1 Rf7 36. Bd1 Ra7 37. Kc2 Qa2+ 38. Kd3 Qb2 39. Qe1 Qd4+ 40. Ke2 Ra2+
41. Kf1 Ra1 42. Nf2 Qc3 43. Rh2 Nc7 44. Qe2 Na6 45. Kg2 Nc5 46. Qc2 Qxc2 47.
Bxc2 Ra2 48. Bd1 Rb2 49. Kg3 Nxb3 50. Nd3 Rxh2 51. Kxh2 Bxc4 52. Nxb4 Nd4 53.
Kg3 Bf7 54. f4 Kg8 55. fxe5 dxe5 56. Nd3 Ne6 57. Nxe5 Ng5 58. Kf4 Ne6+ 59. Ke3
Be8 60. Bb3 Bf7 61. Nxf7 Kxf7 62. e5 Ke7 63. Bc2 h6 64. Ke4 Ng5+ 65. Kf5 Nf3
66. Be4 Nd2 67. Bd5 Nf1 68. Kg6 Kf8 69. e6 Ne3 70. Bb3 Ng4 71. e7+ Kxe7 72.
Kxg7 Nf6 73. Kxh6 Nxh5 74. Kxh5 1/2-1/2

[Event "La Francheville/La Tour du Roi"]
[Site "?"]
[Date "2016.01.31"]
[Round "5"]
[White "Ambroise, Guillaume"]
[Black "Fleurentin, Arnaud"]
[Result "0-1"]
[WhiteElo "1630"]
[BlackElo "1740"]
[PlyCount "84"]
[EventDate "2016.01.31"]
[SourceDate "2016.02.03"]

1. d4 Nf6 2. c4 g6 3. Nc3 Bg7 4. Nf3 O-O 5. e4 d6 6. Be2 e5 7. d5 a5 8. Bg5 h6
9. Bxf6 Bxf6 10. h4 Na6 11. Qd2 Bg7 12. O-O-O Nc5 13. Ne1 f5 14. f3 Bd7 15. Nd3
b6 16. Nxc5 bxc5 17. g4 fxg4 18. fxg4 Rf4 19. Rdg1 g5 20. hxg5 Qxg5 21. Rf1 Be8
22. Rxf4 exf4 23. Bd1 Bg6 24. Bc2 Bd4 25. Kb1 Qf6 26. Rxh6 Rb8 27. Ka1 Qg7 28.
Rh3 Rf8 29. Qd3 Re8 30. Qf3 Bxc3 31. bxc3 Qe5 32. Rh6 Kg7 33. Qh1 Qxc3+ 34. Kb1
Rb8+ 35. Kc1 Qa1+ 36. Kd2 Qxh1 37. Rxh1 Rb2 38. Ra1 Bxe4 39. Rc1 Rxa2 40. Kd1
Bxc2+ 41. Rxc2 Rxc2 42. Kxc2 a4 0-1

[Event "La Francheville/La Tour du Roi"]
[Site "?"]
[Date "2016.01.31"]
[Round "5"]
[White "Brodier, Thierry"]
[Black "Louis, André"]
[Result "1/2-1/2"]
[WhiteElo "1675"]
[BlackElo "1663"]
[PlyCount "144"]
[EventDate "2016.01.31"]
[SourceDate "2016.02.03"]

1. d4 Nf6 2. Nf3 e6 3. Bg5 Bb4+ 4. c3 Be7 5. Nbd2 b6 6. e3 Bb7 7. Bd3 h6 8.
Bxf6 Bxf6 9. e4 d6 10. Qe2 Nd7 11. O-O O-O 12. e5 dxe5 13. dxe5 Be7 14. Rad1
Qc8 15. Ne4 a5 16. Rfe1 Nc5 17. Nxc5 Bxc5 18. Bc2 Rd8 19. Rxd8+ Qxd8 20. Rd1
Qe8 21. Qd3 g6 22. h4 Be7 23. g3 Rd8 24. Qe2 Rxd1+ 25. Bxd1 Qc6 26. Qd2 Qd5 27.
Qxd5 Bxd5 28. a3 Kg7 29. Nd4 g5 30. hxg5 Bxg5 31. f4 Bd8 32. Kf2 Kf8 33. f5
exf5 34. Nxf5 Bg5 35. Ne3 Be6 36. a4 Ke7 37. b3 f6 38. exf6+ Bxf6 39. c4 Bd4
40. Kf3 c6 41. Ke4 Bg7 42. Bg4 Bxg4 43. Nxg4 Kd6 44. Ne3 Kc5 45. Kd3 h5 46. Kc2
Be5 47. Nf5 Kb4 48. Ne7 Bxg3 49. Nxc6+ Kc5 50. Ne7 h4 51. Nf5 Bf2 52. Ng7 h3
53. Ne6+ Kd6 (53... Kc6 $3) 54. Ng5 Ke5 55. Nxh3 Be3 56. Kd3 Bc5 57. Ng5 Kf5
58. Nf3 Kf4 59. Nd4 Ke5 60. Ne2 Bf2 61. Nc3 Bc5 62. Nd5 Bg1 63. b4 axb4 64.
Nxb4 Kd6 65. Kc3 Kc5 66. Na6+ Kd6 67. Kb4 Kc6 68. a5 bxa5+ 69. Kxa5 Bb6+ 70.
Kb4 Ba7 71. Ka5 Bb6+ 72. Ka4 Ba7 1/2-1/2

[Event "La Francheville/La Tour du Roi"]
[Site "?"]
[Date "2016.01.31"]
[Round "5"]
[White "Mondeel, Paul"]
[Black "Wille, Frederic"]
[Result "1-0"]
[WhiteElo "1533"]
[BlackElo "1569"]
[PlyCount "124"]
[EventDate "2016.01.31"]
[SourceDate "2016.02.03"]

1. e4 c6 2. Nf3 d5 3. e5 Bf5 4. c3 e6 5. d4 c5 6. Bb5+ Nc6 7. O-O Qb6 8. Qa4 a6
9. Be3 Qxb5 10. Qxb5 axb5 11. dxc5 Nge7 12. Na3 Bd3 13. Rfe1 b4 14. cxb4 Nxb4
15. Nd4 Nec6 16. Nab5 Bxb5 17. Nxb5 Nc2 18. Nc7+ Kd7 19. Nxa8 Nxe1 20. Nb6+ Kc7
21. Rxe1 d4 22. Bd2 Bxc5 23. Nc4 b5 24. Na5 Ra8 25. Nb3 Bb6 26. a3 Na5 27. Rc1+
Kb7 28. Bxa5 Bxa5 29. Nxd4 b4 30. Kf1 bxa3 31. bxa3 Bb6 32. Nb5 Ra5 33. Nd6+
Kb8 34. Rc8+ Ka7 35. Rf8 Rxe5 36. Rxf7+ Kb8 37. Nc4 Rb5 38. Rxg7 h5 39. Rg6 Bd4
40. Rxe6 Rc5 41. Rb6+ Kc7 42. Rb4 Bc3 43. Ra4 Kc6 44. Ra8 Rxc4 45. Rc8+ Kd5 46.
Rxc4 Kxc4 47. Ke2 Kb3 48. Kd3 Be5 49. g3 Kxa3 50. Ke4 Bg7 51. h3 Kb4 52. g4
hxg4 53. hxg4 Kc5 54. Kf5 Kd6 55. f4 Ke7 56. Kg6 Kf8 57. f5 Bd4 58. g5 Be3 59.
f6 Bxg5 60. Kxg5 Kf7 61. Kf5 Ke8 $4 (61... Kf8 $3 $11) 62. Kg6 Kf8 1-0

[Event "La Francheville/La Tour du Roi"]
[Site "?"]
[Date "2016.01.31"]
[Round "5"]
[White "Caron, Antonin"]
[Black "Louis, Vincent"]
[Result "0-1"]
[WhiteElo "1314"]
[BlackElo "1380"]
[PlyCount "96"]
[EventDate "2016.01.31"]
[SourceDate "2016.02.03"]

1. e4 e5 2. Nf3 Nf6 3. Nc3 Nc6 4. Bc4 Be7 5. d3 d6 6. h3 O-O 7. O-O Na5 8. Bd5
c6 9. Bb3 Nxb3 10. axb3 h6 11. Ne2 Qc7 12. c3 Be6 13. c4 c5 14. Nc3 a6 15. Be3
Bd7 16. Nd2 Kh8 17. f4 Bc6 18. fxe5 dxe5 19. Bf2 Nh7 20. Bg3 f6 21. Kh1 Qd7 22.
Nf3 Rad8 23. Ne1 Ng5 24. Qg4 Qxg4 25. hxg4 Ne6 26. Rd1 Nd4 27. Nf3 Nxb3 28. Bf2
g5 29. Ne1 Rf7 30. Nf3 Bd7 31. Nh2 Kg7 32. Nd5 Bd6 33. Ne3 Nd4 34. Nf5+ Nxf5
35. gxf5 h5 36. Rg1 Bf8 37. g4 h4 38. Nf3 Bc6 39. Rge1 Rfd7 40. Re3 Ba4 41. Rd2
b5 42. cxb5 Bxb5 43. Ne1 c4 44. Rf3 cxd3 45. Bb6 Bb4 46. Rd1 Rb8 47. Bf2 d2 48.
Nc2 Be2 0-1

[Event "La Francheville/La Tour du Roi"]
[Site "?"]
[Date "2016.01.31"]
[Round "5"]
[White "Berthaud, Jean-Marc"]
[Black "Bryl, Laura"]
[Result "1-0"]
[WhiteElo "1399"]
[BlackElo "1280"]
[PlyCount "97"]
[EventDate "2016.01.31"]
[SourceDate "2016.02.03"]

1. e4 e5 2. Nf3 Nc6 3. Bb5 a6 4. Bxc6 bxc6 5. Nxe5 Qf6 6. Nf3 Bc5 7. O-O Ne7 8.
c3 d5 9. e5 Qg6 10. d4 Bb6 11. Bf4 c5 12. b3 Be6 13. Re1 Qg4 14. Be3 O-O 15. h3
Qh5 16. Nbd2 c4 17. Nf1 f6 18. Ng3 Qg6 19. Nh4 Qf7 20. Rb1 Rfd8 21. bxc4 dxc4
22. Nf1 Nd5 23. Qc2 f5 24. f4 Qh5 25. Nf3 Qh6 26. N1d2 Nxf4 27. Bxf4 Qxf4 28.
Qa4 Bd7 29. Qxc4+ Kh8 30. Nb3 g5 31. Rf1 Rg8 32. Nfd2 Qg3 33. Rf3 Qh4 34. e6 g4
35. Rf4 Qg5 36. Rbf1 gxh3 37. R1f2 Qh5 38. exd7 h2+ 39. Kh1 Rg5 40. Qe6 Rag8
41. Qf6+ R5g7 42. Rxf5 Qg4 43. Nf3 Qg3 44. Nxh2 h6 45. d8=Q Rxd8 46. Qxd8+ Kh7
47. Rf7 Kg6 48. Rxg7+ Kxg7 49. Qf6+ 1-0